000 00551nam a2200169Ia 4500
008 140911s9999 xx 000 0 und d
020 _a9780521686860
050 _aHB 171
_b.M525 2009
100 _aMaki, Uskali.
245 4 _aThe methodology of positive economics:
_breflections on the milton friedman legacy /
_cUskali Maki.
260 _aSingapore:
_bMarshall Cavendish Business,
_cc2010.
300 _a239 pages :
_b illustration ;
_c22 cm.
504 _aIncludes index.
650 _aFriedman, Milton.
942 _kFOR
_cBK
999 _c275573
_d275573